000 00674nam a2200217Ii 4500
003 JO-AjNU
008 230605s9999||||xx |||||||||||||| ||und||
017 _a2009/10/4373
040 _aJO-AjNU
_bara
_erda
_cJO-AjNU
041 _aara
050 1 4 _aBP174 2011
100 3 _aالقضاة، أحمد مصطفى,
_eauthor
_949920
245 0 0 _aآراء العلماء في رمي الجمرات
250 _aط1
264 3 1 _aعمان: المؤلف، 2011
300 _a94ص
336 _atext
_btxt
_2rdacontent
337 _aunmediated
_bn
_2rdamedia
338 _avolume
_bnc
_2rdacarrier
650 4 _aالعبادات - الحج - الفقة الاسلامي
_949921
999 _aA21957
_c25525
_d25525